Nobody in charge : essays on the future of leadership

One of the most renowned thinkers and insightful writers on leadership of our time, Harlan Cleveland has seen numerous trends come and go and weathered many drastic changes in leadership and management-from the rise of the "company man" to the advent of the leaderless, self-managed organiz...

Full description

Saved in:
Bibliographic Details
Main Author: Cleveland, Harlan
Format: Book
Language:Undetermined
Published: San Francisco, Calif ossey-Bass; Chichester : Wiley 2002
Subjects:
Online Access:http://lrc.tdmu.edu.vn/opac/search/detail.asp?aID=2&ID=34809
Tags: Add Tag
No Tags, Be the first to tag this record!
Institutions: Trung tâm Học liệu Trường Đại học Thủ Dầu Một
LEADER 01363nam a2200205Ia 4500
001 TDMU_34809
008 210410s9999 xx 000 0 und d
082 |a 895.92234 
090 |b CL207 
100 |a Cleveland, Harlan 
245 0 |a Nobody in charge : essays on the future of leadership 
245 0 |c Harlan Cleveland 
260 |a San Francisco, Calif 
260 |b ossey-Bass; Chichester : Wiley 
260 |c 2002 
300 |a 236p. 
520 |a One of the most renowned thinkers and insightful writers on leadership of our time, Harlan Cleveland has seen numerous trends come and go and weathered many drastic changes in leadership and management-from the rise of the "company man" to the advent of the leaderless, self-managed organization. In this collection of essays-the newest addition to the Warren Bennis Signature Series--he draws on his vast experience to apply his thoughts to leadership. In each essay, Cleveland focuses on an intriguing insight about leadership-illustrated by stories from his own experience --offering thoughtful perspective on what 21st century leaders will face in the new knowledge environment; Quỹ Châu Á  |c Tặng 
650 |a Leadership; Người lãnh đạo 
856 |u http://lrc.tdmu.edu.vn/opac/search/detail.asp?aID=2&ID=34809 
980 |a Trung tâm Học liệu Trường Đại học Thủ Dầu Một